| 000 | 00392nam a2200169Ia 4500 | ||
|---|---|---|---|
| 003 | 0STCL | ||
| 008 | 150530s9999 xx 000 0 und d | ||
| 040 |
_aSTCL _cSTCL |
||
| 100 | _aKarl Federn; Bernard Miall; Tr | ||
| 245 | _aRichelieu | ||
| 250 | _aFirst | ||
| 260 |
_bGeorge Allen and Unwin _c1928 |
||
| 546 | _aEnglish | ||
| 942 |
_2ddc _cBK |
||
| 999 |
_c69048 _d69048 |
||
| 005 | 20220125171410.0 | ||